• 首页
  • 本馆介绍
  • 公告通知
  • 最新文献
  • 馆藏检索
  • 电子资源
  • 读者导购
  • 参考咨询
  • 我的图书馆
  • 登录
  • 详细信息显示
  • 放入我的书架
  • 预约/预借图书
  • 作者相关作品
  • 分类相关作品
  • 丛书相关作品
  • 出版社相关作品

书目信息

  • 表格格式
  • 工作单格式
  • 卡片格式
题名:
刑事案例诉辩审评
    
 
作者: 杨辉忠 主编
分册:   合同诈骗罪
出版信息: 北京   中国检察出版社  2014
页数: 263页
开本: 23cm
丛书名: 刑法分则实务丛书
单 册:
中图分类: D924.305 , D924.335
科图分类:
主题词: 刑事犯罪--案例--分析--中国 , 合同--诈骗--案例--分析--中国 , 刑事犯罪 , 案例 , 合同 , 诈骗
电子资源:
ISBN: 978-7-5102-0798-3
000 01104oam2 2200337 450
001 523
005 20140908090506.70
010    @a978-7-5102-0798-3@dCNY36.00
100    @a20140514d2014 em y0chiy50 ea
101 0  @achi
102    @aCN@b110000
105    @ay z 000yy
106    @ar
200 1  @a刑事案例诉辩审评@AXing Shi An Li Su Bian Shen Ping@i合同诈骗罪@IHe Tong Zha Pian Zui@f杨辉忠主编@FYang Hui Zhong Zhu Bian
205    @a2版
210    @a北京@c中国检察出版社@d2014
215    @a263页@d23cm
225 2  @a刑法分则实务丛书@v13
330    @a本书从诉、辩、审、评四个角度全方位解析了合同诈骗罪的操作实务,供司法工作人员在法律适用、定罪量刑时借鉴比照,对刑法教学与研究具有一定的参考作用。
461  0 @12001 @a刑法分则实务丛书
606 0  @a刑事犯罪@x案例@x分析@y中国
606 0  @a合同@x诈骗@x案例@x分析@y中国
606 0  @a刑事犯罪
606 0  @a案例
606 0  @a合同
606 0  @a诈骗
690    @aD924.305@v5
690    @aD924.335@v5
701  0 @a杨辉忠@AYang Hui Zhong@f(1970.8~)@4主编
801  0 @aCN@bTANGWEI@c20140603
905    @b0841709-11@dD924.305@e435=2@f3
    
    刑事案例诉辩审评.合同诈骗罪/杨辉忠主编.-2版.-北京:中国检察出版社,2014
    263页;23cm.-(刑法分则实务丛书;13)
    
    
    ISBN 978-7-5102-0798-3:CNY36.00
    本书从诉、辩、审、评四个角度全方位解析了合同诈骗罪的操作实务,供司法工作人员在法律适用、定罪量刑时借鉴比照,对刑法教学与研究具有一定的参考作用。
●
相关链接 在E读中查询图书 在五车中查询图书 在当当中查询图书 在豆瓣中查询图书


正题名:刑事案例诉辩审评     索取号:D924.305/435=2         预约/预借

序号 登录号 条形码 馆藏地/架位号 状态 备注
1 0841709   208417097   第一样本阅览室/ [索取号:D924.305/435=2] 在馆    
2 0841710   208417104   第一借阅区/ [索取号:D924.305/435=2] 在馆    
3 0841711   208417113   密集书库-史法系/ [索取号:D924.305/435=2] 在馆    
欢迎您!
大连网信软件有限公司© 版权所有